A guide for desert and dryland restoration : (Record no. 7629)

000 -LEADER
fixed length control field 00801cam a2200205 a 4500
005 - DATE AND TIME OF LATEST TRANSACTION
control field 20200317110713.0
008 - FIXED-LENGTH DATA ELEMENTS--GENERAL INFORMATION
fixed length control field 070319s2007 azuab b 001 0 eng
020 ## - INTERNATIONAL STANDARD BOOK NUMBER
International Standard Book Number 9781559639699 (pbk. : alk. paper)
082 00 - DEWEY DECIMAL CLASSIFICATION NUMBER
Classification number 631.60915
Edition number 22
Item number BAI
100 1# - MAIN ENTRY--PERSONAL NAME
Personal name Bainbridge, David A.
245 12 - TITLE STATEMENT
Title A guide for desert and dryland restoration :
Remainder of title new hope for arid lands /
Statement of responsibility, etc David A. Bainbridge.
260 ## - PUBLICATION, DISTRIBUTION, ETC. (IMPRINT)
Place of publication, distribution, etc [Tucson, Ariz.] :
Name of publisher, distributor, etc Society for Ecological Restoration International ;
Place of publication, distribution, etc Washington, DC :
Name of publisher, distributor, etc Island Press,
Date of publication, distribution, etc c2007.
300 ## - PHYSICAL DESCRIPTION
Extent xvi, 391 p. :
Other physical details ill., maps ;
Dimensions 27 cm.
440 #4 - SERIES STATEMENT/ADDED ENTRY--TITLE
Title The science and practice of ecological restoration
504 ## - BIBLIOGRAPHY, ETC. NOTE
Bibliography, etc Includes bibliographical references (p. 349-373) and index.
650 #0 - SUBJECT ADDED ENTRY--TOPICAL TERM
Topical term or geographic name as entry element Deserts.
650 #0 - SUBJECT ADDED ENTRY--TOPICAL TERM
Topical term or geographic name as entry element Arid regions.
650 #0 - SUBJECT ADDED ENTRY--TOPICAL TERM
Topical term or geographic name as entry element Restoration ecology.
942 ## - ADDED ENTRY ELEMENTS (KOHA)
Source of classification or shelving scheme
Holdings
Withdrawn status Lost status Source of classification or shelving scheme Damaged status Koha normalized classification for sorting Not for loan Permanent location Current location Date acquired Full call number Barcode Date last seen Price effective from Koha item type
        631_609150000000000_BAI   BMS College of Architecture, Design and Planning BMS College of Architecture, Design and Planning 2020-03-17 631.60915 BAI AR-UG1511 2020-03-17 2020-03-17 UG Books
Copyright © 2025, The Librarian, Library and Information Centre, BMSCA D&P, Bengaluru. All Rights Reserved
web counter

Powered by Koha